Использование ресурсов международных профессиональных обществ для развития инновационных технологий обучения; Инженерное образование; № 4
| Parent link: | Инженерное образование: электронный научный журнал/ Ассоциация инженерного образования России (АИОР).— : [Б. и.], 2003-.— 1810-2883 № 4.— 2007.— [С. 100-105] |
|---|---|
| Glavni avtor: | |
| Izvleček: | Заглавие с титульного листа В статье дается обзор возможностей международных профессиональных научных обществ применительно к использованию их информационных и других ресурсов для совершенствования инженерных образовательных программ. Подробно рассказывается о деятельности в области образования Института инженеров по электротехнике и радиоэлектронике и преимуществах индивидуального членства в данном обществе. Показана необходимость участия в работе региональных отделений обществ преподавателей и студентов, заинтересованных в эффективном получении информации, инвестировании средств международных фондов в научную и образовательную деятельность, использовании новых технологий обучения. The paper reviews the possibilities of the international professional scientific societies concerning the use of their informational and other resources for enhancing engineering educational programmes. The work of the Institute of Electrical and Electronics Engineers is discussed and the advantages of individual membership in this professional society are considered. The paper shows the necessity of taking part in the work of regional branches of such societies both for teachers and students who are interested in efficient obtaining information, investing funds of international foundations into scientific and educational activity and using new educational technologies. |
| Jezik: | ruščina |
| Izdano: |
2007
|
| Serija: | Инновационные подходы к подготовке специалистов в сфере техники и технологий |
| Teme: | |
| Online dostop: | https://old.aeer.ru/files/io/m4/art_13.pdf |
| Format: | Elektronski Book Chapter |
| KOHA link: | https://koha.lib.tpu.ru/cgi-bin/koha/opac-detail.pl?biblionumber=507094 |
MARC
| LEADER | 00000naa2a2200000 4500 | ||
|---|---|---|---|
| 001 | 507094 | ||
| 005 | 20250520152630.0 | ||
| 035 | |a (RuTPU)RU\TPU\prd\178236 | ||
| 035 | |a RU\TPU\prd\178235 | ||
| 090 | |a 507094 | ||
| 100 | |a 20130521d2007 k y0rusy50 ca | ||
| 101 | 0 | |a rus | |
| 102 | |a RU | ||
| 135 | |a drnn ---uucaa | ||
| 181 | 0 | |a i | |
| 182 | 0 | |a b | |
| 200 | 1 | |a Использование ресурсов международных профессиональных обществ для развития инновационных технологий обучения |b Электронный ресурс |f О. В. Стукач | |
| 203 | |a Текст |c электронный | ||
| 215 | |a 1 файл (135 Кб) | ||
| 225 | 1 | |a Инновационные подходы к подготовке специалистов в сфере техники и технологий | |
| 230 | |a Электронные текстовые данные (1 файл : 135 Кб) | ||
| 300 | |a Заглавие с титульного листа | ||
| 320 | |a [Библиогр.: с. 105 (4 назв.)] | ||
| 330 | |a В статье дается обзор возможностей международных профессиональных научных обществ применительно к использованию их информационных и других ресурсов для совершенствования инженерных образовательных программ. Подробно рассказывается о деятельности в области образования Института инженеров по электротехнике и радиоэлектронике и преимуществах индивидуального членства в данном обществе. Показана необходимость участия в работе региональных отделений обществ преподавателей и студентов, заинтересованных в эффективном получении информации, инвестировании средств международных фондов в научную и образовательную деятельность, использовании новых технологий обучения. | ||
| 330 | |a The paper reviews the possibilities of the international professional scientific societies concerning the use of their informational and other resources for enhancing engineering educational programmes. The work of the Institute of Electrical and Electronics Engineers is discussed and the advantages of individual membership in this professional society are considered. The paper shows the necessity of taking part in the work of regional branches of such societies both for teachers and students who are interested in efficient obtaining information, investing funds of international foundations into scientific and educational activity and using new educational technologies. | ||
| 337 | |a Adobe Reader | ||
| 461 | 1 | |0 (RuTPU)RU\TPU\prd\176632 |x 1810-2883 |t Инженерное образование |o электронный научный журнал |f Ассоциация инженерного образования России (АИОР) |n [Б. и.] |d 2003- | |
| 463 | 1 | |0 (RuTPU)RU\TPU\prd\177766 |t № 4 |v [С. 100-105] |d 2007 | |
| 610 | 1 | |a международные организации | |
| 610 | 1 | |a профессиональные организации | |
| 610 | 1 | |a членство | |
| 610 | 1 | |a научные общества | |
| 610 | 1 | |a ресурсы | |
| 610 | 1 | |a использование | |
| 610 | 1 | |a инженерные программы | |
| 610 | 1 | |a образовательные программы | |
| 610 | 1 | |a совершенствование | |
| 610 | 1 | |a образовательная деятельность | |
| 610 | 1 | |a технологии обучения | |
| 610 | 1 | |a инновационные технологии | |
| 610 | 1 | |a труды учёных ТПУ | |
| 610 | 1 | |a электронный ресурс | |
| 700 | 1 | |a Стукач |b О. В. |c специалист в области компьютерных измерительных систем |c доцент Томского политехнического университета, кандидат технических наук |f 1966- |g Олег Владимирович |2 stltpush |3 (RuTPU)RU\TPU\pers\28991 | |
| 801 | 1 | |a RU |b 63413507 |c 20090623 |g PSBO | |
| 801 | 2 | |a RU |b 63413507 |c 20130521 |g PSBO | |
| 856 | 4 | |u https://old.aeer.ru/files/io/m4/art_13.pdf | |
| 942 | |c BK | ||